000
00333nam a22001457a 4500
020
_a
978-0-357-51712-3
082
_a
658
100
_a
Griffin, Ricky W.
245
_a
Management
250
_a
13th
260
_a
Australia:
_b
Cengage Learning,
_c
2022
300
_a
xxxii, 655p.: ill.; 28cm
500
_a
Include Index
942
_c
BK
999
_c
22093
_d
22093